[Event "CAN-ch U14 Girls"]
[Site "Ottawa"]
[Date "2013.07.11"]
[Round "3"]
[White "Tinica, Sabina"]
[Black "Goonveda, Jutton"]
[Result "1-0"]
[WhiteElo "1166"]
[BlackElo "678"]
[PlyCount "123"]
[EventDate "2013.07.10"]
[EventType "swiss"]
[EventRounds "6"]
[EventCountry "CAN"]
[SourceTitle "EXT 2022"]
[Source "ChessBase"]
[SourceDate "2021.10.06"]
[SourceVersion "1"]
[SourceVersionDate "2021.10.06"]
[SourceQuality "1"]

1. d4 f6 2. c4 e5 3. e3 Bb4+ 4. Bd2 Nc6 5. d5 Bxd2+ 6. Qxd2 Nce7 7. e4 d6 8. Nc3 Bd7 9. Be2 c6 10. dxc6 Bxc6 11. Nd5 f5 12. f3 Nf6 13. Nxe7 Qxe7 14. exf5 Rd8 15. Rd1 d5 16. cxd5 Bxd5 17. Qa5 b6 18. Qa4+ Rd7 19. Bb5 Qf7 20. Qxa7 0-0 21. Bxd7 Nxd7 22. Ne2 Ra8 23. Qc7 Rxa2 24. Qd8+ Nf8 25. Rxd5 Ra7 26. 0-0 Qxf5 27. Nd4 Qf6 28. Rd6 Qxd8 29. Rxd8 exd4 30. Rxd4 h6 31. Rb4 Nd7 32. Rd1 Rb7 33. Rbd4 Nc5 34. b4 Nb3 35. Rd7 Rb8 36. Rd8+ Rxd8 37. Rxd8+ Kh7 38. Rb8 Nd2 39. Rxb6 Nc4 40. Rc6 Ne5 41. b5 g5 42. Rc7+ Kg6 43. b6 g4 44. fxg4 Nxg4 45. b7 h5 46. b8Q Kg5 47. Qd8+ Kf5 48. Rc5+ Ne5 49. Rxe5+ Kxe5 50. Kf2 Kf5 51. Qh4 Kg6 52. Kf3 Kh6 53. g4 Kg6 54. Qxh5+ Kf6 55. Ke4 Ke6 56. Qg6+ Kd7 57. Kd5 Kc7 58. Qc6+ Kd8 59. Ke5 Ke7 60. Qb7+ Kf8 61. Kf6 Ke8 62. Qe7# 1-0

[Event "Montreal Juste pour jouer"]
[Site "Montreal"]
[Date "2012.10.08"]
[Round "7"]
[White "Tinica, Sabina"]
[Black "Ouellet, Maili Jade"]
[Result "0-1"]
[WhiteElo "1099"]
[BlackElo "1351"]
[PlyCount "78"]
[EventDate "2012.10.05"]
[EventType "swiss"]
[EventRounds "7"]
[EventCountry "CAN"]
[SourceTitle "EXT 2022"]
[Source "ChessBase"]
[SourceDate "2021.10.06"]
[SourceVersion "1"]
[SourceVersionDate "2021.10.06"]
[SourceQuality "1"]

1. d4 d5 2. c4 e6 3. Nf3 Nf6 4. Bg5 Be7 5. Nc3 0-0 6. e3 Nbd7 7. cxd5 exd5 8. Bd3 b6 9. 0-0 Bb7 10. Qc2 h6 11. Bh4 Rc8 12. Rac1 c5 13. Rfe1 c4 14. Bf5 Bc6 15. Bxd7 Nxd7 16. Bxe7 Qxe7 17. a3 a5 18. Qf5 Nf6 19. Ne5 Bb7 20. Ne2 b5 21. h3 b4 22. a4 Ne4 23. f3 Nd2 24. Rc2 Nb3 25. Rb1 Qe8 26. Nd7 Qxe3+ 27. Kh1 Rfe8 28. Ne5 Rc7 29. Nf4 Nxd4 30. Qg4 Nxc2 31. Nh5 Qxe5 32. f4 Qd4 33. Kh2 Re1 34. Rxe1 Nxe1 35. Qe2 Nd3 36. Qe8+ Kh7 37. Qd8 Qc5 38. Qh4 d4 39. Qg3 Qxh5 0-1